Four girls from Berlin : a true story of a friendship that defied the Holocaust
Lotte Meyerhoff's best friends risked their lives in Nazi Germany to safeguard these and other treasured heirlooms and mementos from her family and return them to her after the war. The Holocaust had left Lotte the lone survivor of her family, and these precious objects gave her back a crucial...
محفوظ في:
| المؤلف الرئيسي: | |
|---|---|
| التنسيق: | كتاب |
| اللغة: | Undetermined |
| منشور في: |
Hoboken, N.J.
John Wiley & Sons
2007
|
| الموضوعات: | |
| الوسوم: |
إضافة وسم
لا توجد وسوم, كن أول من يضع وسما على هذه التسجيلة!
|
| Thư viện lưu trữ: | Trung tâm Học liệu Trường Đại học Cần Thơ |
|---|
| LEADER | 01409nam a2200241Ia 4500 | ||
|---|---|---|---|
| 001 | CTU_165548 | ||
| 008 | 210402s9999 xx 000 0 und d | ||
| 020 | |c 17.66 | ||
| 082 | |a 940.5318 | ||
| 082 | |b M613 | ||
| 100 | |a Meyerhoff, Marianne | ||
| 245 | 0 | |a Four girls from Berlin : | |
| 245 | 2 | |b a true story of a friendship that defied the Holocaust | |
| 245 | 0 | |c Marianne Meyerhoff | |
| 260 | |a Hoboken, N.J. | ||
| 260 | |b John Wiley & Sons | ||
| 260 | |c 2007 | ||
| 520 | |a Lotte Meyerhoff's best friends risked their lives in Nazi Germany to safeguard these and other treasured heirlooms and mementos from her family and return them to her after the war. The Holocaust had left Lotte the lone survivor of her family, and these precious objects gave her back a crucial piece of her past. Four Girls from Berlin vividly recreates that past and tells the story of Lotte and her courageous non-Jewish friends Ilonka, Erica, and Ursula as they lived under the shadow of Hitler in Berlin. | ||
| 650 | |a Jews, German,Người Do Thái, người Đức,Jewish refugees,Mothers and daughters | ||
| 650 | |x Người tị nạn Do Thái,Mẹ và con gái | ||
| 650 | |z California,Los Angeles,Los Angeles,California,California,Los Angeles,California,Los Angeles,California,Los Angeles,California,Los Angeles | ||
| 904 | |i Khoa, Năm | ||
| 980 | |a Trung tâm Học liệu Trường Đại học Cần Thơ | ||